| 000 | 00606nam a2200193 a 4500 | ||
|---|---|---|---|
| 005 | 20210223122516.0 | ||
| 008 | 991125 mx 000 0 spa u | ||
| 020 | _a9687009071 | ||
| 035 | _aUPN01000036861 | ||
| 049 | _aCG | ||
| 050 | 4 |
_aNK5916 _aS2.5 |
|
| 100 | 1 | _aSánchez Navarro de Pintado, Beatriz | |
| 245 | 1 | 0 |
_aMarfiles cristianos del oriente en México / _cBeatriz Sánchez Navarro de Pintado. |
| 260 |
_aMéxico : _bFomento Cultural Banamex, |
||
| 300 |
_a128, [84] p. : _bil., algunas col. |
||
| 650 | 4 |
_aARTE Y SIMBOLISMO CRISTIANOS _92527 |
|
| 650 | 4 | _aMARFIL, OBJETOS DE | |
| 905 | _aLibro | ||
| 999 |
_c36861 _d36861 |
||